Statistics for Whose song is it?

Click here to take the quiz!

General Stats

  • This quiz has been taken 40 times
  • The average score is 21 of 30

Answer Stats

HintAnswer% Correct
Bohemian RhapsodyQueen
100%
ThunderstruckAC/DC
92%
Smells Like Teen SpiritNirvana
92%
Purple RainPrince
92%
Dancing QueenABBA
89%
Enter SandmanMetallica
89%
Livin' On A PrayerBon Jovi
86%
Stairway To HeavenLed Zeppelin
86%
Dream OnAerosmith
83%
Sweet Child O MineGuns N' Roses
83%
Here Comes The SunThe Beatles
83%
Another Brick In The WallPink Floyd
81%
CalifornicationRed Hot Chili Peppers
81%
Paint It BlackThe Rolling Stones
78%
JumpVan Halen
72%
Pour Some Sugar On MeDef Leppard
67%
Crazy TrainOzzy Osbourne
67%
ParanoidBlack Sabbath
64%
Smoke On The WaterDeep Purple
64%
DreamsFleetwood Mac
64%
I Was Made For Lovin' YouKISS
64%
HeroesDavid Bowie
61%
Friday I'm In LoveThe Cure
50%
The TrooperIron Maiden
47%
Ace Of SpadesMotorhead
47%
Psycho KillerTalking Heads
47%
People Are StrangeThe Doors
42%
Kickstart My HeartMotley Crue
36%
Symphony Of DestructionMegadeth
31%
There Is A Light That Never Goes OutThe Smiths
31%

Score Distribution

Percentile by Number Answered

Percent of People with Each Score

Your Score History

You have not taken this quiz